Modern corn production
Gardado en:
| Autor Principal: | |
|---|---|
| Formato: | Libro |
| Idioma: | Undetermined |
| Publicado: |
Illinois
A-L
1986
|
| Những chủ đề: | |
| Các nhãn: |
Engadir etiqueta
Sen Etiquetas, Sexa o primeiro en etiquetar este rexistro!
|
| Thư viện lưu trữ: | Trung tâm Học liệu Trường Đại học Cần Thơ |
|---|
| LEADER | 00500nam a2200181Ia 4500 | ||
|---|---|---|---|
| 001 | CTU_11632 | ||
| 008 | 210402s9999 xx 000 0 und d | ||
| 082 | |a 664.725 | ||
| 082 | |b A365 | ||
| 100 | |a Samuel R Aldrich | ||
| 245 | 0 | |a Modern corn production | |
| 245 | 0 | |c Samuel R Aldrich, Robert G Hoeft, Walter O Scott | |
| 260 | |a Illinois | ||
| 260 | |b A-L | ||
| 260 | |c 1986 | ||
| 650 | |a corn products industry | ||
| 904 | |i Minh, 961030 | ||
| 980 | |a Trung tâm Học liệu Trường Đại học Cần Thơ | ||